00201nam a22000977a 4500003000400000082001400004100002000018245003000038260002700068300000800095SGT a823bKHA  aKHAN BADIUDDIN  aMANTRA MAGIC AND MIRACLE  aINDIAbNBTA PUB c2009 a142